[Event "22nd Reykjavik op"]
[Site "Reykjavik ISL"]
[Date "2006.03.12"]
[Round "7.23"]
[White "Ziska, Helgi Dam"]
[Black "Vasilevich, Tatjana"]
[WhiteElo "2286"]
[BlackElo "2395"]
[Result "1/2-1/2"]
[EventDate "2006.03.06"]
[PlyCount "51"]

1.e4 e6 2.d3 d5 3.Nd2 c5 4.Ngf3 Bd6 5.g3 Nc6 6.Bg2 Nge7 7.O-O O-O 8.Nh4 b6
9.f4 dxe4 10.dxe4 Ba6 11.e5 Bc7 12.Re1 Qd4+ 13.Kh1 Rad8 14.Qf3 Qd7 15.c3 
Bd3 16.Ne4 c4 17.Nf2 f6 18.exf6 Rxf6 19.Bh3 Kh8 20.Ne4 Ne5 21.Qg2 Bxe4 22.
Qxe4 Nd3 23.Re2 Nc5 24.Qe3 Qd1+ 25.Re1 Qc2 26.Nf3 1/2-1/2

[Event "22nd Reykjavik op"]
[Site "Reykjavik ISL"]
[Date "2006.03.12"]
[Round "7.24"]
[White "Krockenberger, Martin"]
[Black "Jonsson, Bjorgvin"]
[WhiteElo "2267"]
[BlackElo "2392"]
[Result "1/2-1/2"]
[EventDate "2006.03.06"]
[PlyCount "97"]

1.c4 Nf6 2.g3 g6 3.Bg2 Bg7 4.Nc3 O-O 5.d3 d6 6.Bg5 h6 7.Bd2 c5 8.a3 Nc6 9.
Rb1 a5 10.Nf3 Bf5 11.O-O Qd7 12.Nd5 Nxd5 13.cxd5 Nd4 14.Nxd4 cxd4 15.Qb3 
Rfb8 16.Rbc1 a4 17.Qb6 Rc8 18.h4 Rxc1 19.Rxc1 Rc8 20.Bf3 Rxc1+ 21.Bxc1 Qc8
22.Bd2 Kh7 23.Ba5 Bf6 24.Qb4 Bd7 25.Bb6 Qh8 26.Kf1 h5 27.Ke1 Be5 28.Qc4 f5
29.Qc7 Qc8 30.Qxc8 Bxc8 31.Bg2 Kg7 32.f4 Bf6 33.Kd2 Kf7 34.Kc2 Bd7 35.e3 
dxe3 36.Bxe3 Bb5 37.Bb6 Ke8 38.Bf3 Kd7 39.Bd1 Kc8 40.d4 Bc4 41.Kc3 Bxd5 
42.Bxa4 Bf7 43.Kd3 e5 44.Ke3 e4 45.b4 Bd8 46.Bxd8 Kxd8 47.Bb5 d5 48.Kd2 
Be8 49.Bxe8 1/2-1/2

[Event "22nd Reykjavik op"]
[Site "Reykjavik ISL"]
[Date "2006.03.12"]
[Round "7.27"]
[White "Kujovic, Michal"]
[Black "Schwartz Ylon"]
[WhiteElo "2344"]
[BlackElo "2250"]
[Result "1-0"]
[EventDate "2006.03.06"]
[PlyCount "41"]

1.e4 c6 2.d4 g6 3.c4 d5 4.e5 Na6 5.cxd5 cxd5 6.Bxa6 bxa6 7.Nc3 e6 8.h4 h5 
9.Bg5 Be7 10.Qd2 Bd7 11.Nge2 Rb8 12.Nf4 Bxg5 13.hxg5 Qxg5 14.O-O-O Ne7 15.
Kb1 Nc6 16.Ka1 Qd8 17.Ncxd5 exd5 18.Nxd5 Qa5 19.Nf6+ Kd8 20.Qg5 Nb4 21.
Nxd7+ 1-0

[Event "22nd Reykjavik op"]
[Site "Reykjavik ISL"]
[Date "2006.03.12"]
[Round "7.28"]
[White "Bjarnason, Oskar"]
[Black "Sigfusson, Sigurdur"]
[WhiteElo "2255"]
[BlackElo "2339"]
[Result "1/2-1/2"]
[EventDate "2006.03.06"]
[PlyCount "29"]

1.e4 e5 2.Nf3 Nc6 3.Bb5 f5 4.Nc3 fxe4 5.Nxe4 d5 6.Nxe5 dxe4 7.Nxc6 Qg5 8.
Qe2 Nf6 9.f4 Qxf4 10.d4 Qd6 11.Ne5+ c6 12.Bc4 Be6 13.Bf4 Bxc4 14.Qxc4 Qd5 
15.Qb3 1/2-1/2

[Event "22nd Reykjavik op"]
[Site "Reykjavik ISL"]
[Date "2006.03.12"]
[Round "7.30"]
[White "Bergsson, Snorri"]
[Black "Bick, John"]
[WhiteElo "2316"]
[BlackElo "2238"]
[Result "1-0"]
[EventDate "2006.03.06"]
[PlyCount "64"]

1.e4 e5 2.f4 Nc6 3.Nc3 exf4 4.Nf3 h6 5.Bc4 Qe7 6.Qe2 Na5 7.Nd5 Qd6 8.d4 g5
9.Ne5 c6 10.Qh5 cxd5 11.Nxf7 Qb4+ 12.c3 Qxc4 13.Nd6+ Ke7 14.e5 Kd8 15.Qe8+
Kc7 16.Nxc4 Ne7 17.Nxa5 h5 18.Qf7 b6 19.Qf6 Rg8 20.Nb3 Ba6 21.Qd6+ Kd8 22.
Nc5 bxc5 23.Qxa6 cxd4 24.Qa5+ Ke8 25.cxd4 Rc8 26.Bd2 Rc2 27.e6 Rxb2 28.
exd7+ Kxd7 29.Qxa7+ Ke8 30.Rc1 Rg6 31.Kd1 f3 32.gxf3 g4 1-0

[Event "22nd Reykjavik op"]
[Site "Reykjavik ISL"]
[Date "2006.03.12"]
[Round "7.31"]
[White "Halldorsson, Halldor"]
[Black "Arngrimsson, Dagur"]
[WhiteElo "2226"]
[BlackElo "2298"]
[Result "0-1"]
[EventDate "2006.03.06"]
[PlyCount "66"]

1.e4 e5 2.Nf3 Nc6 3.Bb5 a6 4.Ba4 Nf6 5.O-O Be7 6.Qe2 b5 7.Bb3 d6 8.a4 Rb8 
9.c3 O-O 10.d4 exd4 11.cxd4 Bg4 12.Rd1 d5 13.e5 Ne4 14.axb5 axb5 15.Nc3 
Nxc3 16.bxc3 Qd7 17.Ra6 Nd8 18.h3 Bf5 19.g4 Bg6 20.e6 fxe6 21.Ne5 Qe8 22.
Nc6 Nxc6 23.Qxe6+ Kh8 24.Qxc6 Bh4 25.Be3 Bxf2+ 26.Bxf2 Qe2 27.Rf1 Rxf2 28.
Rxf2 Qe1+ 29.Kg2 Be4+ 30.Kg3 Qe3+ 31.Kh4 Qxf2+ 32.Kh5 g6+ 33.Kg5 h6+ 0-1

[Event "22nd Reykjavik op"]
[Site "Reykjavik ISL"]
[Date "2006.03.12"]
[Round "7.32"]
[White "Marinelli, Tullio"]
[Black "Hagesaether, Ellen"]
[WhiteElo "2391"]
[BlackElo "2202"]
[Result "1-0"]
[EventDate "2006.03.06"]
[PlyCount "71"]

1.d4 g6 2.c4 Nf6 3.Nc3 Bg7 4.e4 d6 5.f3 O-O 6.Be3 Nc6 7.Nge2 a6 8.Qd2 Rb8 
9.Nc1 e5 10.d5 Nd4 11.Nb3 Nxb3 12.axb3 c5 13.b4 b6 14.b5 a5 15.Bg5 Qc7 16.
g4 Ne8 17.h4 f6 18.Be3 Rf7 19.O-O-O Ra8 20.Na4 f5 21.exf5 gxf5 22.g5 Qd8 
23.Bd3 Rb8 24.Rdg1 e4 25.fxe4 Qe7 26.exf5 Bxf5 27.Rf1 Bxd3 28.Qxd3 Rxf1+ 
29.Rxf1 Qe5 30.Bf4 Qe7 31.h5 h6 32.gxh6 Bd4 33.Kb1 Kh8 34.Bg5 Bf6 35.Qg6 
Bxg5 36.Rf7 1-0

[Event "22nd Reykjavik op"]
[Site "Reykjavik ISL"]
[Date "2006.03.12"]
[Round "7.33"]
[White "Vovk, Oksana"]
[Black "Hardarson, Robert"]
[WhiteElo "2164"]
[BlackElo "2369"]
[Result "1/2-1/2"]
[EventDate "2006.03.06"]
[PlyCount "93"]

1.Nf3 c5 2.c4 Nc6 3.Nc3 g6 4.g3 Bg7 5.Bg2 e5 6.a3 Nge7 7.Rb1 a5 8.d3 d6 9.
Nd2 O-O 10.Nf1 Rb8 11.Ne3 Nd4 12.b4 axb4 13.axb4 cxb4 14.Rxb4 Qa5 15.Qa4 
Qxa4 16.Rxa4 Bd7 17.Ra2 b5 18.cxb5 Rfc8 19.Bb2 Be6 20.Ra6 Nxb5 21.Nxb5 
Rxb5 22.Ba3 Nf5 23.Nxf5 gxf5 24.Kd2 d5 25.Rc1 Rxc1 26.Kxc1 h5 27.Ra4 e4 
28.d4 e3 29.f4 h4 30.Bc5 hxg3 31.hxg3 Rb3 32.Kc2 Rb5 33.Ra3 Bf6 34.Rxe3 
Ra5 35.Rb3 Ra2+ 36.Rb2 Ra1 37.Rb1 Ra2+ 38.Rb2 Ra1 39.Rb1 Ra2+ 40.Kd3 Kg7 
41.Bf3 Bd8 42.Bb6 Be7 43.Bc5 Bd8 44.Rb8 Bc7 45.Rb7 Bd8 46.Rb8 Bc7 47.Rb7 
1/2-1/2

[Event "22nd Reykjavik op"]
[Site "Reykjavik ISL"]
[Date "2006.03.12"]
[Round "7.35"]
[White "Mamedjarova, Turkan"]
[Black "Olafsson, Thorvardur"]
[WhiteElo "2308"]
[BlackElo "2132"]
[Result "1-0"]
[EventDate "2006.03.06"]
[PlyCount "159"]

1.d4 Nf6 2.Nf3 g6 3.g3 Bg7 4.Bg2 O-O 5.O-O d5 6.c4 c6 7.cxd5 cxd5 8.Nc3 
Ne4 9.Nxe4 dxe4 10.Ne5 Qd5 11.b3 Nd7 12.Bb2 Nxe5 13.dxe5 Qxd1 14.Rfxd1 Bf5
15.e3 Rac8 16.Rac1 Rxc1 17.Rxc1 Rd8 18.Bd4 b6 19.Kf1 Rc8 20.Rxc8+ Bxc8 21.
Bxe4 e6 22.b4 Ba6+ 23.Ke1 Bf8 24.a3 Bb5 25.Kd2 Be7 26.Kc3 Ba4 27.Bc2 Bxc2 
28.Kxc2 Kf8 29.Kb3 Ke8 30.Kc4 Kd7 31.a4 Kc6 32.b5+ Kb7 33.f4 Ba3 34.g4 Be7
35.Kd3 Bb4 36.Ke4 Kc7 37.Kd3 Kb7 38.Kc4 Be7 39.Bc3 Bc5 40.Bd2 Kc7 41.Kd3 
Ba3 42.Be1 Be7 43.Ke4 Kd7 44.Kf3 Ke8 45.Bf2 Kd7 46.e4 Kc7 47.Be3 Kd7 48.f5
Ke8 49.Ke2 Bb4 50.Kd3 Kd7 51.Kc4 Be1 52.Bc1 Bh4 53.Ba3 Be7 54.Bc1 Bh4 55.
Bh6 Be7 56.Kd3 Bb4 57.Ke3 Ke8 58.Kf3 Kd7 59.Kg3 Be1+ 60.Kh3 Ke8 61.Bc1 Bb4
62.Kh4 Be7+ 63.Kg3 Bb4 64.h4 Be1+ 65.Kh3 Bc3 66.Bf4 Kd7 67.h5 Be1 68.Bc1 
Bb4 69.Bh6 Ke8 70.Be3 Be1 71.Bc1 Bb4 72.Kg3 Be1+ 73.Kf4 gxh5 74.gxh5 Bb4 
75.Kg5 Kf8 76.fxe6 Be7+ 77.Kf5 Ke8 78.exf7+ Kxf7 79.e6+ Ke8 80.Bf4 1-0

[Event "22nd Reykjavik op"]
[Site "Reykjavik ISL"]
[Date "2006.03.12"]
[Round "7.36"]
[White "Sanchez Castillo, Sarai"]
[Black "Weeks, Manuel"]
[WhiteElo "2177"]
[BlackElo "2273"]
[Result "1-0"]
[EventDate "2006.03.06"]
[PlyCount "81"]

1.e4 e5 2.d4 exd4 3.Qxd4 Nc6 4.Qe3 g6 5.Nc3 Bg7 6.Bd2 Nf6 7.O-O-O O-O 8.
Bc4 Re8 9.f3 Na5 10.Bd3 d5 11.Qg5 h6 12.Qh4 d4 13.Nb5 a6 14.Na3 c5 15.Bxh6
Nh7 16.Qf4 g5 17.Qd2 Bxh6 18.h4 Kg7 19.Kb1 gxh4 20.f4 Nc6 21.Qf2 Nf8 22.
Rxh4 Ng6 23.Rxh6 Kxh6 24.f5 Qh4 25.g3 Qg4 26.Ne2 Nge5 27.Rh1+ Kg7 28.f6+ 
Kg6 29.Nf4+ Kxf6 30.Be2 Kg7 31.Bxg4 Nxg4 32.Nh5+ Kg6 33.Qf4 Be6 34.Qd6 Rh8
35.Nf4+ Kg7 36.Nxe6+ fxe6 37.Qd7+ Kg6 38.Qxe6+ Nf6 39.Rf1 Raf8 40.Qf5+ Kg7
41.Qg5+ 1-0

[Event "22nd Reykjavik op"]
[Site "Reykjavik ISL"]
[Date "2006.03.12"]
[Round "7.41"]
[White "Johnson, Ben"]
[Black "Asbjornsson, Ingvar"]
[WhiteElo "2189"]
[BlackElo "1996"]
[Result "1-0"]
[EventDate "2006.03.06"]
[PlyCount "97"]

1.Nf3 Nf6 2.c4 c6 3.d4 d5 4.cxd5 cxd5 5.Nc3 Nc6 6.Bf4 Ne4 7.e3 Nxc3 8.bxc3
g6 9.Be2 Bg7 10.O-O O-O 11.c4 b6 12.Qa4 Bb7 13.Rab1 dxc4 14.Bxc4 Na5 15.
Be2 Rc8 16.Rfd1 Qd5 17.Ne1 Rc3 18.Bf3 Qc4 19.Rb4 Bxf3 20.Rxc4 Rxc4 21.Qxc4
Nxc4 22.Nxf3 Rc8 23.Rc1 Nd6 24.Rxc8+ Nxc8 25.Kf1 Kf8 26.Ke2 Ke8 27.Kd3 f6 
28.Kc4 a6 29.Ne1 Kd7 30.Nd3 Nd6+ 31.Bxd6 Kxd6 32.a4 e5 33.dxe5+ fxe5 34.
Nb4 b5+ 35.axb5 axb5+ 36.Kxb5 e4 37.Kc4 Be5 38.h3 Bh2 39.Kd4 Bg1 40.Kxe4 
Bxf2 41.Kf4 Bh4 42.Nc2 Ke6 43.Nd4+ Kf6 44.Nf3 Bf2 45.e4 h6 46.e5+ Ke7 47.
Ke4 h5 48.Kf4 Kf7 49.e6+ 1-0

[Event "22nd Reykjavik op"]
[Site "Reykjavik ISL"]
[Date "2006.03.12"]
[Round "7.42"]
[White "Magnusson, Bjarni"]
[Black "Thorhallsson, Gylfi"]
[WhiteElo "2016"]
[BlackElo "2187"]
[Result "0-1"]
[EventDate "2006.03.06"]
[PlyCount "66"]

1.d4 Nf6 2.Nf3 e6 3.c4 b6 4.g3 Ba6 5.Bg2 Bxc4 6.b3 Bd5 7.Nc3 Bb4 8.Bd2 Bb7
9.O-O O-O 10.Rc1 Na6 11.Nb5 Bxd2 12.Qxd2 d5 13.b4 Ne4 14.Qb2 c6 15.Na3 Qe7
16.b5 cxb5 17.Nxb5 Qb4 18.Qxb4 Nxb4 19.Rc7 Ba6 20.Nxa7 Nxa2 21.Ra1 Nec3 
22.e4 Bc4 23.exd5 Bxd5 24.Ne5 b5 25.Bxd5 Nxd5 26.Rb7 Nac3 27.Nd7 Rfd8 28.
Ne5 Rdb8 29.Rxf7 b4 30.Rd7 b3 31.Nc4 b2 32.Nxb2 Rxb2 33.Kf1 Rf8 0-1

[Event "22nd Reykjavik op"]
[Site "Reykjavik ISL"]
[Date "2006.03.12"]
[Round "7.43"]
[White "Thorgeirsson, Sverrir"]
[Black "Baldursson, Hrannar"]
[WhiteElo "1954"]
[BlackElo "2174"]
[Result "0-1"]
[EventDate "2006.03.06"]
[PlyCount "148"]

1.Nc3 e5 2.e4 Bc5 3.Nf3 Nc6 4.Bc4 d6 5.d3 Nf6 6.Be3 Nd4 7.Bxd4 exd4 8.Na4 
O-O 9.Qd2 c6 10.Nxc5 dxc5 11.O-O b5 12.Bb3 Bg4 13.Ne5 Qd6 14.f4 c4 15.dxc4
Nxe4 16.Qe1 Nf6 17.cxb5 cxb5 18.Qh4 Bf5 19.Rad1 a5 20.Qf2 Rad8 21.c3 d3 
22.Qa7 Nd5 23.Qd4 a4 24.Bxd5 Qxd5 25.Qxd5 Rxd5 26.Nc6 Re8 27.Nd4 Be4 28.a3
f5 29.Rfe1 Rc8 30.Kf2 b4 31.axb4 a3 32.bxa3 Rxc3 33.Nf3 Rxa3 34.Rd2 Rb3 
35.Red1 Rxb4 36.g3 h6 37.Ke3 Kf7 38.Ne1 Kg6 39.Nxd3 Rb3 40.Ke2 Kh5 41.Ne1 
Rxd2+ 42.Rxd2 Kg4 43.Rd7 g5 44.fxg5 hxg5 45.Rd2 Kh3 46.Kf1 Rb1 47.Ra2 g4 
48.Rd2 Bc6 49.Kf2 Kxh2 50.Nc2 Rb2 51.Re2 Bf3 52.Rd2 Be4 53.Ke3+ Kxg3 54.
Nd4 Rxd2 55.Kxd2 Kf2 56.Ne2 g3 57.Nf4 g2 58.Nh3+ Kf1 59.Ke3 g1=Q+ 60.Nxg1 
Kxg1 61.Kf4 Kf2 62.Kg5 Kg3 63.Kf6 f4 64.Ke5 f3 65.Kd4 f2 66.Ke3 f1=Q 67.
Kd4 Qd3+ 68.Kc5 Kf4 69.Kb4 Qc2 70.Kb5 Ke5 71.Kb4 Kd5 72.Ka3 Qb1 73.Ka4 Kc4
74.Ka5 Qb5# 0-1

[Event "22nd Reykjavik op"]
[Site "Reykjavik ISL"]
[Date "2006.03.12"]
[Round "7.46"]
[White "Salama, Omar"]
[Black "Ragnarsson, Johann"]
[WhiteElo "2199"]
[BlackElo "2134"]
[Result "1-0"]
[EventDate "2006.03.06"]
[PlyCount "69"]

1.d4 d5 2.c4 e6 3.Nc3 c6 4.e3 f5 5.Bd3 Nf6 6.Nge2 Bd6 7.Qc2 a6 8.cxd5 cxd5
9.O-O Nc6 10.a3 Bxh2+ 11.Kxh2 Ng4+ 12.Kg3 Qg5 13.f4 Qh5 14.Bd2 Qh2+ 15.Kf3
Qh4 16.g3 Qh2 17.Qb1 g5 18.e4 Nxd4+ 19.Nxd4 Qxd2 20.Nde2 gxf4 21.exf5 Ne5+
22.Kg2 Nxd3 23.Rf3 Ne5 24.Rxf4 Nc4 25.Qh1 Ne3+ 26.Kf2 h5 27.Rd4 Qc2 28.
Kxe3 Bd7 29.fxe6 Bxe6 30.Nxd5 O-O 31.Qxh5 Bf5 32.Ne7+ Kg7 33.Nxf5+ Rxf5 
34.Rd7+ Kf6 35.Qh6+ 1-0

[Event "22nd Reykjavik op"]
[Site "Reykjavik ISL"]
[Date "2006.03.12"]
[Round "7.47"]
[White "Gutierrez Castillo, Paloma"]
[Black "Player, Edmund"]
[WhiteElo "2158"]
[BlackElo "2122"]
[Result "1/2-1/2"]
[EventDate "2006.03.06"]
[PlyCount "171"]

1.e4 e6 2.Nf3 d5 3.Nc3 Nf6 4.e5 Nfd7 5.d4 c5 6.dxc5 Bxc5 7.Bd3 Nc6 8.Bf4 
f6 9.exf6 Nxf6 10.O-O O-O 11.Ne5 Bd7 12.Qe2 Qe7 13.Rae1 Rae8 14.Bg3 a6 15.
a3 b5 16.Nb1 g6 17.Nd2 Nh5 18.Bh4 Qg7 19.Ndf3 Nd4 20.Qd2 Nxf3+ 21.Nxf3 Bd6
22.c3 Nf4 23.Bg3 e5 24.Bc2 Bc6 25.Bb3 e4 26.Nd4 Bb7 27.Ne2 Nxe2+ 28.Rxe2 
Bxg3 29.hxg3 Kh8 30.Rd1 Re5 31.Qd4 Rfe8 32.Qc5 Qh6 33.Qe3 Qg7 34.Red2 Rd8 
35.Qb6 Qe7 36.Qd4 Qg7 37.a4 bxa4 38.Bxa4 Re6 39.Qxg7+ Kxg7 40.c4 Red6 41.
Rd4 Kf6 42.c5 Re6 43.b4 Ke5 44.f4+ Kf5 45.c6 Bxc6 46.Bxc6 Rxc6 47.Rxd5+ 
Rxd5 48.Rxd5+ Kf6 49.g4 Rc4 50.Rd6+ Kf7 51.Rxa6 e3 52.Ra7+ Ke6 53.Ra3 Re4 
54.Kf1 Rxf4+ 55.Ke2 Rxb4 56.Rxe3+ Kf6 57.Rf3+ Kg5 58.Rf7 h6 59.Kf3 Rb3+ 
60.Kf2 Kxg4 61.Ra7 Rb2+ 62.Kg1 g5 63.Ra4+ Kh5 64.Kh2 Rb3 65.Ra6 Re3 66.Kg1
g4 67.Kf2 Rb3 68.g3 Rb2+ 69.Ke3 Rb3+ 70.Kf2 Rb5 71.Ra8 Kg5 72.Rg8+ Kf5 73.
Rf8+ Ke5 74.Rg8 Rb4 75.Rg6 h5 76.Rg5+ Ke4 77.Rxh5 Rb2+ 78.Kg1 Kf3 79.Ra5 
Re2 80.Rb5 Re3 81.Kh2 Re2+ 82.Kg1 Kxg3 83.Rb3+ Kh4 84.Ra3 Rc2 85.Rb3 g3 
86.Rb8 1/2-1/2

[Event "22nd Reykjavik op"]
[Site "Reykjavik ISL"]
[Date "2006.03.12"]
[Round "7.48"]
[White "Scheeff, Volker"]
[Black "Palsson, Svanberg Mar"]
[WhiteElo "2142"]
[BlackElo "1720"]
[Result "1-0"]
[EventDate "2006.03.06"]
[PlyCount "25"]

1.e4 d6 2.d4 Nf6 3.Nc3 g6 4.Be3 Ng4 5.Bg5 f5 6.Bd3 fxe4 7.Nxe4 Nh6 8.Qe2 
Bg7 9.Nf6+ Bxf6 10.Bxf6 O-O 11.Bxe7 Bg4 12.f3 Qd7 13.Bxf8 1-0

[Event "22nd Reykjavik op"]
[Site "Reykjavik ISL"]
[Date "2006.03.13"]
[Round "8.7"]
[White "Adly, Ahmed"]
[Black "Sutovsky, Emil"]
[WhiteElo "2473"]
[BlackElo "2624"]
[Result "1-0"]
[EventDate "2006.03.06"]
[PlyCount "93"]

1.d4 g6 2.c4 Bg7 3.Nf3 Nf6 4.g3 c5 5.Bg2 Qa5+ 6.Qd2 Nc6 7.Nc3 cxd4 8.Nxd4 
Qh5 9.b3 Ng4 10.Ndb5 O-O 11.Bb2 d6 12.Nd5 Bxb2 13.Qxb2 Qe5 14.Qxe5 Ngxe5 
15.f4 Nd7 16.Kf2 Nc5 17.Rhd1 Bf5 18.Nd4 Rae8 19.Nxf5 gxf5 20.Ne3 Ne4+ 21.
Ke1 e5 22.Bxe4 fxe4 23.Rxd6 exf4 24.gxf4 Re6 25.Rad1 a5 26.a3 Kg7 27.R1d5 
Rfe8 28.Kd2 Rg6 29.Rd7 b6 30.Rf5 Re7 31.Rxe7 Nxe7 32.Re5 Re6 33.Rxe6 fxe6 
34.Ng4 Nf5 35.e3 Nh4 36.Ne5 Kf6 37.Nd7+ Ke7 38.Nxb6 Nf3+ 39.Ke2 Nxh2 40.c5
Ng4 41.Nc4 a4 42.bxa4 Kd7 43.a5 Kc7 44.a6 Kb8 45.c6 Nf6 46.Nd6 Nd5 47.Nb5 
1-0

[Event "22nd Reykjavik op"]
[Site "Reykjavik ISL"]
[Date "2006.03.13"]
[Round "8.9"]
[White "Ivanisevic, Ivan"]
[Black "Brynell, Stellan"]
[WhiteElo "2588"]
[BlackElo "2493"]
[Result "1/2-1/2"]
[EventDate "2006.03.06"]
[PlyCount "69"]

1.d4 e6 2.Nf3 Nf6 3.Bg5 h6 4.Bh4 c5 5.e3 b6 6.Nbd2 Be7 7.c3 O-O 8.Bd3 Bb7 
9.Qe2 Nc6 10.O-O Nh5 11.Ne5 Bxh4 12.Qxh5 Nxe5 13.dxe5 d6 14.Rad1 dxe5 15.
Be4 Bxe4 16.Nxe4 Qe7 17.g3 f5 18.Nd2 Bf6 19.e4 Qf7 20.Qxf7+ Kxf7 21.Nc4 
Rfd8 22.a4 g6 23.Kg2 Ke7 24.Kf3 h5 25.h4 Rxd1 26.Rxd1 Rd8 27.Ra1 Kd7 28.
Rd1+ Kc7 29.Re1 Re8 30.Ke2 Rd8 31.Ra1 Kc6 32.Nd2 Rd7 33.Ra3 Bg7 34.Rb3 Bf6
35.Nc4 1/2-1/2

[Event "22nd Reykjavik op"]
[Site "Reykjavik ISL"]
[Date "2006.03.13"]
[Round "8.11"]
[White "Galego, Luis"]
[Black "Andersson, Christin"]
[WhiteElo "2538"]
[BlackElo "2170"]
[Result "1-0"]
[EventDate "2006.03.06"]
[PlyCount "53"]

1.e4 e6 2.d4 d5 3.exd5 exd5 4.Nf3 Bd6 5.h3 Nf6 6.c4 Qe7+ 7.Be2 dxc4 8.O-O 
Be6 9.Re1 b5 10.a4 c6 11.axb5 cxb5 12.Nc3 Bb4 13.Ng5 a5 14.Bf3 Ra6 15.d5 
Bxc3 16.bxc3 Nxd5 17.Bxd5 Rd6 18.Nxe6 fxe6 19.Qh5+ g6 20.Qe5 Rf8 21.Be4 
Nd7 22.Qxb5 Qh4 23.Ra2 Rf7 24.Qxc4 Rb6 25.Qc8+ Qd8 26.Qxd8+ Kxd8 27.Rxa5 
1-0

[Event "22nd Reykjavik op"]
[Site "Reykjavik ISL"]
[Date "2006.03.13"]
[Round "8.12"]
[White "Thorhallsson, Throstur"]
[Black "Danielsen, Henrik"]
[WhiteElo "2455"]
[BlackElo "2520"]
[Result "1-0"]
[EventDate "2006.03.06"]
[PlyCount "99"]

1.e4 c6 2.d4 d5 3.exd5 cxd5 4.c4 Nf6 5.Nc3 e6 6.Nf3 Bb4 7.Bd3 dxc4 8.Bxc4 
O-O 9.O-O a6 10.Bg5 b5 11.Bd3 Bb7 12.Rc1 Nbd7 13.Bb1 Be7 14.Re1 b4 15.Na4 
Rc8 16.Rxc8 Qxc8 17.b3 Rd8 18.Qe2 Qc6 19.Bd3 Qd6 20.Rd1 g6 21.Nb2 Nd5 22.
Nc4 Qc7 23.Bxe7 Nxe7 24.Ne3 a5 25.Bc4 Nf6 26.Ne5 Kg7 27.h3 Ne4 28.Qg4 Ng8 
29.h4 Ngf6 30.Qf4 Nh5 31.Qh2 Nc3 32.Rd2 Ne4 33.Rd1 Nhf6 34.Qf4 Nc3 35.Rd2 
Nce4 36.Rd1 Qe7 37.g4 Nc3 38.Re1 h6 39.f3 Nh7 40.Qg3 Nf6 41.Qf4 Nh7 42.
Nxf7 Qxf7 43.Qe5+ Kf8 44.Qxa5 Qe7 45.Nf5 gxf5 46.Rxe6 Qxh4 47.Qxf5+ Kg7 
48.Qg6+ Kf8 49.Re8+ Rxe8 50.Qf7# 1-0

[Event "22nd Reykjavik op"]
[Site "Reykjavik ISL"]
[Date "2006.03.13"]
[Round "8.17"]
[White "Thorfinnsson, Bragi"]
[Black "Akesson, Ralf"]
[WhiteElo "2367"]
[BlackElo "2494"]
[Result "1-0"]
[EventDate "2006.03.06"]
[PlyCount "71"]

1.d4 Nf6 2.c4 e6 3.Nf3 d5 4.Nc3 Be7 5.cxd5 exd5 6.Bf4 c6 7.e3 Bf5 8.Bd3 
Bxd3 9.Qxd3 Nbd7 10.h3 O-O 11.O-O Re8 12.Rab1 a5 13.Rfc1 Nf8 14.a3 Ng6 15.
Bh2 Bd6 16.Bxd6 Qxd6 17.b4 Ne4 18.Qc2 f5 19.bxa5 Re7 20.Qa4 Qd8 21.h4 Qxa5
22.Qxa5 Rxa5 23.h5 Nf8 24.Rb3 Nd6 25.Ne5 Ra7 26.Rb6 Re6 27.a4 Rh6 28.g3 
Re6 29.Kg2 g5 30.Rcb1 Kg7 31.R1b2 Kh6 32.Rb1 Kg7 33.R1b4 Kf6 34.Rb1 Ke7 
35.Rxc6 bxc6 36.Nxc6+ 1-0

[Event "22nd Reykjavik op"]
[Site "Reykjavik ISL"]
[Date "2006.03.13"]
[Round "8.18"]
[White "Kujovic, Michal"]
[Black "Panchanathan, Magesh Chandran"]
[WhiteElo "2344"]
[BlackElo "2494"]
[Result "0-1"]
[EventDate "2006.03.06"]
[PlyCount "84"]

1.e4 e5 2.Nf3 Nc6 3.Bc4 Nf6 4.d3 Be7 5.Nc3 O-O 6.a3 d6 7.h3 Be6 8.Bd5 Bxd5
9.Nxd5 Nxd5 10.exd5 Nb8 11.b4 Nd7 12.Bb2 f5 13.O-O Qe8 14.c4 Qg6 15.Rc1 
Nf6 16.Nh4 Qg5 17.Nf3 Qh5 18.Re1 Rae8 19.Nd2 Qg6 20.f4 exf4 21.Re6 Bd8 22.
Qa4 Rxe6 23.dxe6 Nh5 24.Nf3 Qxe6 25.Re1 Qf7 26.Qxa7 c6 27.h4 h6 28.Ba1 Re8
29.Rxe8+ Qxe8 30.Qxb7 Bxh4 31.Bd4 Kh7 32.Kh2 Bf6 33.Qc7 Bxd4 34.Nxd4 Nf6 
35.Nf3 Ng4+ 36.Kh1 Qe2 37.Qxc6 Qd1+ 38.Ng1 Nf2+ 39.Kh2 Qh5+ 40.Nh3 Nxh3 
41.gxh3 Qe2+ 42.Qg2 f3 0-1

[Event "22nd Reykjavik op"]
[Site "Reykjavik ISL"]
[Date "2006.03.13"]
[Round "8.20"]
[White "Rocha, Sergio"]
[Black "Thorfinnsson, Bjorn"]
[WhiteElo "2405"]
[BlackElo "2337"]
[Result "0-1"]
[EventDate "2006.03.06"]
[PlyCount "76"]

1.e4 e5 2.Nf3 Nc6 3.Bb5 a6 4.Ba4 d6 5.O-O Bd7 6.c3 g6 7.d4 Bg7 8.d5 Nce7 
9.c4 b5 10.Bc2 bxc4 11.Nc3 h6 12.Nd2 f5 13.Nxc4 Nf6 14.b4 fxe4 15.Na5 O-O 
16.Nxe4 Nfxd5 17.Bb3 Be6 18.Nc3 Nxc3 19.Bxe6+ Kh7 20.Qd2 Ne4 21.Qc2 d5 22.
Nb7 Qb8 23.Nc5 Nxc5 24.bxc5 Qb5 25.a4 Qc6 26.Bg4 e4 27.Ra3 h5 28.Rh3 Kg8 
29.Bd1 Nf5 30.g4 Nd4 31.Qa2 Qe6 32.Rh4 Bf6 33.g5 Be5 34.c6 Rae8 35.Kh1 Nf3
36.Bb3 Rd8 37.Rxe4 Qh3 38.Bxd5+ Kh8 0-1

[Event "22nd Reykjavik op"]
[Site "Reykjavik ISL"]
[Date "2006.03.13"]
[Round "8.21"]
[White "Gunnarsson, Jon Viktor"]
[Black "Bergsson, Snorri"]
[WhiteElo "2421"]
[BlackElo "2316"]
[Result "1-0"]
[EventDate "2006.03.06"]
[PlyCount "117"]

1.e4 e6 2.d4 d5 3.Nd2 dxe4 4.Nxe4 Nd7 5.Nf3 Ngf6 6.Nxf6+ Nxf6 7.c3 c5 8.
Ne5 a6 9.Be3 cxd4 10.Bxd4 Qc7 11.Qa4+ Nd7 12.Nf3 Qc6 13.Qxc6 bxc6 14.Be2 
c5 15.Be3 Bb7 16.O-O Be7 17.Rfd1 Nb6 18.Ne5 f6 19.Nc4 Nd5 20.Na5 Nxe3 21.
fxe3 Bd5 22.Bc4 Bxc4 23.Nxc4 Rd8 24.Kf2 Kf7 25.Ke2 h5 26.a4 h4 27.h3 Rd5 
28.e4 Rdd8 29.Rxd8 Rxd8 30.Rd1 Rxd1 31.Kxd1 g5 32.Ke2 Kg6 33.Kf3 Kh5 34.
Ne3 Bf8 35.b3 Bd6 36.Ng4 f5 37.Ne3 Be5 38.b4 cxb4 39.cxb4 Kg6 40.b5 axb5 
41.axb5 Bd4 42.Nc4 Kh5 43.b6 Bc5 44.b7 Ba7 45.Ne5 Bb8 46.Nc6 g4+ 47.Kf2 
Bc7 48.e5 Kg5 49.Nd4 Bxe5 50.Nxe6+ Kf6 51.Nc5 Kg5 52.Nd7 Bd6 53.b8=Q Bxb8 
54.Nxb8 f4 55.Nc6 Kf5 56.hxg4+ Kxg4 57.Ne5+ Kg5 58.Nf3+ Kg4 59.Ng1 1-0

[Event "22nd Reykjavik op"]
[Site "Reykjavik ISL"]
[Date "2006.03.13"]
[Round "8.22"]
[White "Kristjansson, Stefan"]
[Black "Mamedjarova, Turkan"]
[WhiteElo "2476"]
[BlackElo "2308"]
[Result "1-0"]
[EventDate "2006.03.06"]
[PlyCount "57"]

1.e4 e5 2.Nf3 Nf6 3.Nxe5 d6 4.Nf3 Nxe4 5.Nc3 Nf6 6.d4 Be7 7.h3 O-O 8.Bd3 
Re8 9.O-O Nbd7 10.Re1 Nf8 11.Ne2 d5 12.Bg5 Ne4 13.Bxe7 Qxe7 14.Ng3 f5 15.
c4 c6 16.cxd5 cxd5 17.Qb3 Qf7 18.Ne5 Rxe5 19.dxe5 Ng6 20.Nxe4 fxe4 21.Rxe4
Be6 22.Rb4 Rf8 23.Bxg6 Qxf2+ 24.Kh2 hxg6 25.Rxb7 Rf5 26.Qg3 Qd4 27.Qxg6 
Qxe5+ 28.Qg3 Qf6 29.Re1 1-0

[Event "22nd Reykjavik op"]
[Site "Reykjavik ISL"]
[Date "2006.03.13"]
[Round "8.23"]
[White "Vasilevich, Tatjana"]
[Black "Krockenberger, Martin"]
[WhiteElo "2395"]
[BlackElo "2267"]
[Result "1-0"]
[EventDate "2006.03.06"]
[PlyCount "111"]

1.d4 Nf6 2.c4 g6 3.f3 Bg7 4.e4 d6 5.Nc3 O-O 6.Be3 c5 7.d5 e6 8.Nge2 exd5 
9.cxd5 a6 10.a4 Nbd7 11.Ng3 h5 12.Be2 Ne5 13.O-O Nh7 14.h3 h4 15.Nh1 f5 
16.Qd2 Qf6 17.f4 Nf7 18.Nf2 Bd7 19.a5 Kh8 20.Ra3 Rae8 21.Rb3 Bc8 22.e5 
dxe5 23.Rb6 exf4 24.Bxc5 Qg5 25.Nd3 Ne5 26.Nxf4 Rf6 27.Rb4 Rf7 28.Rd1 Qd8 
29.Bb6 Qd6 30.Na4 Nd7 31.Bd4 Kg8 32.Bxg7 Rxg7 33.Ne6 Rge7 34.Rxh4 Ndf8 35.
Nac5 Nxe6 36.Nxe6 Bxe6 37.dxe6 Qxd2 38.Rxd2 Nf8 39.Rb4 Nxe6 40.Bc4 Rc7 41.
Re2 Kf7 42.Bd5 Kf6 43.Rb6 Rce7 44.Bxb7 Kg5 45.Bxa6 Nc5 46.Rxe7 Rxe7 47.b4 
Ne4 48.Bd3 Rd7 49.Bxe4 fxe4 50.Kf2 Rd3 51.a6 Kf4 52.g3+ Ke5 53.a7 Rd2+ 54.
Ke1 Ra2 55.Rb5+ Kd4 56.Ra5 1-0

[Event "22nd Reykjavik op"]
[Site "Reykjavik ISL"]
[Date "2006.03.13"]
[Round "8.25"]
[White "Einarsson, Bergsteinn"]
[Black "Marinelli, Tullio"]
[WhiteElo "2245"]
[BlackElo "2391"]
[Result "0-1"]
[EventDate "2006.03.06"]
[PlyCount "80"]

1.d4 Nf6 2.c4 e6 3.Nc3 Bb4 4.e3 c5 5.Bd3 Nc6 6.Nf3 Bxc3+ 7.bxc3 d6 8.O-O 
e5 9.Nd2 O-O 10.Rb1 Re8 11.Qc2 h6 12.h3 b6 13.d5 Na5 14.e4 Nh5 15.Re1 Nf4 
16.Bf1 Rf8 17.Kh2 f5 18.g3 Nh5 19.Be2 Qe8 20.Qd1 Nf6 21.f3 fxe4 22.fxe4 
Qg6 23.Bf3 Ba6 24.Qe2 Qe8 25.Qf1 Nh7 26.h4 Qa4 27.Qh3 Bc8 28.Bg4 Bxg4 29.
Qxg4 Rf6 30.Rb2 Raf8 31.Kg1 Nxc4 32.Nxc4 Qxc4 33.Rc2 Qd3 34.Rce2 Qxc3 35.
Be3 Qd3 36.Rd2 Qa6 37.Qd7 Qc8 38.Qxa7 Qh3 39.Rg2 Rf3 40.Qxb6 Rxg3 0-1

[Event "22nd Reykjavik op"]
[Site "Reykjavik ISL"]
[Date "2006.03.13"]
[Round "8.26"]
[White "D`Costa, Lorin"]
[Black "Ziska, Helgi Dam"]
[WhiteElo "2386"]
[BlackElo "2286"]
[Result "0-1"]
[EventDate "2006.03.06"]
[PlyCount "46"]

1.d4 Nf6 2.c4 g6 3.Nc3 Bg7 4.e4 d6 5.Be2 O-O 6.Bg5 Na6 7.Qd2 e5 8.d5 Nc5 
9.f3 h6 10.Be3 Nh5 11.g3 f5 12.exf5 gxf5 13.Bxh6 f4 14.Bxg7 Kxg7 15.Ne4 
Rh8 16.Nf2 Nxg3 17.hxg3 fxg3 18.Rxh8 gxf2+ 19.Kxf2 Qxh8 20.Qg5+ Kf7 21.b4 
Bd7 22.bxc5 Rg8 23.Qc1 Qh4+ 0-1